Чакаме бебе (Запис номер 475248)
[ съкратено ]
| 000 -Лидер | |
|---|---|
| Лидер | 01503nam a2200385 a 4500 |
| 003 - Код на организацията, давaща контролен номер | |
| Код на организацията, даваща контролен номер | BLK |
| 005 - Дата и час на последна редакция | |
| Дата и час на последна редакция | 20250417133353.0 |
| 008 - Елементи от данни с фиксирана дължина | |
| Елементи с фиксирана дължина | 180411b bul|||||r ||||||| ||bul|| |
| 020 ## - Международен стандартен номер на книга ISBN | |
| ISBN | 9786192405748 |
| 040 ## - Източник на каталожния запис | |
| Код на библиотеката | BLK |
| 041 ## - Код за език | |
| Език | Български |
| Език за КДБФ | Български |
| 080 ## - УДК | |
| УДК текст | Гинекология. Акушерство. Използват се спец. опред. към 616 (-001/-009;-01/-09;-7) |
| УДК код | 618 |
| УДК – код + определител | 618 |
| 084 ## - Класификационен индекс по друга класификация | |
| Авторски знак | Грим - Г 83 |
| 100 1# - Редна дума - Автор | |
| Автор | Гримо, Елен |
| R(LIN) | 56392 |
| 245 10 - Сведения за заглавието | |
| Заглавие | Чакаме бебе |
| Авторска отговорност | Елен Гримо, Емили Бомон ; ил. Мадлен Брюнеле ; прев. Борис Христов. |
| 260 ## - Област на издателските данни | |
| Място на издаване | София |
| Име на издателя | ПАН |
| Година на издаване | 2022 |
| 300 ## - Физическа характеристика | |
| Брой страници | 20 с. |
| Илюстрации | с цв. ил. |
| Размер | 23 см |
| 380 ## - Жанр | |
| Жанр | Детска отраслова лит. |
| 490 ## - СЕРИИ (Колекции) | |
| 9 (RLIN) | 205918 |
| Серия | Енциклопедия за най-малките |
| 653 #7 - Ключова дума – ненормативна | |
| 9 (RLIN) | 190721 |
| Ключови думи | медицина |
| 653 #7 - Ключова дума – ненормативна | |
| 9 (RLIN) | 180548 |
| Ключови думи | акушерство |
| 653 #7 - Ключова дума – ненормативна | |
| 9 (RLIN) | 182417 |
| Ключови думи | бременност |
| 653 #7 - Ключова дума – ненормативна | |
| 9 (RLIN) | 195152 |
| Ключови думи | раждане |
| 653 #7 - Ключова дума – ненормативна | |
| 9 (RLIN) | 182118 |
| Ключови думи | близнаци |
| 653 #0 - Ключова дума – ненормативна | |
| 9 (RLIN) | 471119 |
| Ключови думи | детски книги |
| 700 ## - Други автори (авторска отговорност) | |
| Друг автор | Бомон, Емили |
| Авт. отговорност на др. автор | съавт. |
| 9 (RLIN) | 1445 |
| 700 ## - Други автори (авторска отговорност) | |
| Друг автор | Брюнеле, Мадлен |
| Авт. отговорност на др. автор | ил. |
| 9 (RLIN) | 481523 |
| 700 ## - Други автори (авторска отговорност) | |
| Друг автор | Христов, Борис |
| Авт. отговорност на др. автор | прев. |
| 9 (RLIN) | 266250 |
| 852 ## - Местоположение | |
| Отдел | Детски отдел |
| Систематично-азбучна сигнатура | ДН 61/Г 83 Е |
| 852 ## - Местоположение | |
| Сигнатура (форматна) | Цб 317516 |
| Отдел | Хранилище |
| 856 ## - Електронен адрес и достъп | |
| Инструкция (цена за достъп) | 0.00 |
| Права за достъп | disable |
| 942 ## - АРТИКУЛИ | |
| Вид на библиотечния документ | Книги |
| Скрит в OPAC | Не |
| Периодичен библиозапис | Да |
| Koha issues (borrowed), all copies | 23 |
| 944 ## - СЪЗДАВАНЕ И РЕДАКЦИЯ на ЗАПИСА | |
| Създаване/Редакция | Създаване |
| Дата на регистрацията/редакция | 2022-10-06 |
| Служител, извършил регистрацията/редакцията | 30537 |
| Номер на служител | Грета Цуфелде |
| 999 ## - СИСТЕМНИ КОНТРОЛНИ НОМЕРА | |
| Koha biblionumber | 475248 |
| Koha biblioitemnumber | 475248 |
| Код за отписване | Код за изгубен артикул | Източник на класификационната схема | Код за повреда | Коз за рестрикции | Код за отдаване | Артикулен № | Име на библиотеката - собственик | Име на библиотеката, в която се намира в момента | Статус (Текущо местоположение) | Дата на вписване в системата | Местоположение - отдел | Цена в лева | Систематично азбучна сигнатура | Баркод | Цена в евро | Служебен тип на артикула | Инвентарен номер |
|---|---|---|---|---|---|---|---|---|---|---|---|---|---|---|---|---|---|
| Не е изгубен | Universal Decimal Classification | Не е повреден | без рестрикции | заемане за дома | 906964 | Регионална библиотека "Любен Каравелов" Русе | Регионална библиотека "Любен Каравелов" Русе | Детски отдел | 2022-10-07 | Детски отдел | 4.42 | 61/Г 83 Е | 120000878172 | 2.26 | Книги | ||
| Не е изгубен | Universal Decimal Classification | Не е повреден | без рестрикции | заемане за дома | 906965 | Регионална библиотека "Любен Каравелов" Русе | Регионална библиотека "Любен Каравелов" Русе | Детски отдел | 2022-10-07 | Детски отдел | 4.42 | 61/Г 83 Е | 120000878173 | 2.26 | Книги | ||
| Не е изгубен | Universal Decimal Classification | Не е повреден | без рестрикции | заемане за дома | 906966 | Регионална библиотека "Любен Каравелов" Русе | Регионална библиотека "Любен Каравелов" Русе | Детски отдел | 2022-10-07 | Детски отдел | 4.42 | 61/Г 83 Е | 120000878171 | 2.26 | Книги | ||
| Не е изгубен | Universal Decimal Classification | Не е повреден | само за читалня | ползва се в читалня | 928067 | Регионална библиотека "Любен Каравелов" Русе | Регионална библиотека "Любен Каравелов" Русе | Хранилище | 2023-05-05 | Хранилище | 5.90 | Цб 317516 | 120000887171 | 3.02 | Книги | 120000887171 | |
| Не е изгубен | Universal Decimal Classification | Не е повреден | заемане за дома | 945844 | Регионална библиотека "Любен Каравелов" Русе | Регионална библиотека "Любен Каравелов" Русе | Детски отдел | 2024-07-11 | Детски отдел | 5.90 | ДН 61/Г 83 Е | 120000910986 | 3.02 | Книги | 120000910986 |